[Event "POL-chT3 Slaskie"]
[Site "Poland"]
[Date "2008.02.03"]
[Round "2.5"]
[White "Walach, Marcin"]
[Black "Marzec, Jaroslaw"]
[Result "1-0"]
[WhiteElo "2412"]
[BlackElo "2102"]
[PlyCount "45"]
[EventDate "2008.02.03"]
[EventType "team-swiss"]
[EventRounds "9"]
[EventCountry "POL"]
[SourceTitle "EXT 2019"]
[Source "ChessBase"]
[SourceDate "2018.10.10"]
[SourceVersion "1"]
[SourceVersionDate "2018.10.10"]
[SourceQuality "1"]

1. e4 d5 2. exd5 Qxd5 3. Nc3 Qd8 4. Nf3 c5 5. Bc4 e6 6. d4 cxd4 7. Nxd4 a6 8. 0-0 Nf6 9. Bf4 Be7 10. Re1 0-0 11. Qd3 Qb6 12. Nf5 Bb4 13. Nxg7 Kxg7 14. Qg3+ Kh8 15. Bxb8 Rxb8 16. Qe5 Bxc3 17. bxc3 Bd7 18. Qxf6+ Kg8 19. Re3 Rfc8 20. Qh6 f5 21. Rg3+ Kf7 22. Rg7+ Ke8 23. Qf6 1-0

[Event "POL-chT3 Liga Slaska"]
[Site "Poland"]
[Date "2007.02.11"]
[Round "3"]
[White "Mulet, Piotr"]
[Black "Marzec, Jaroslaw"]
[Result "1-0"]
[WhiteElo "2264"]
[BlackElo "2100"]
[PlyCount "43"]
[EventDate "2007.01.28"]
[EventType "team-swiss"]
[EventRounds "9"]
[EventCountry "POL"]
[SourceTitle "EXT 2011"]
[Source "ChessBase"]
[SourceDate "2010.11.26"]
[SourceVersion "1"]
[SourceVersionDate "2010.11.26"]
[SourceQuality "1"]
[WhiteTeam "Pszczyna PSSz"]
[BlackTeam "Katowice Zawodzie"]
[WhiteTeamCountry "POL"]
[BlackTeamCountry "POL"]

1. e4 d5 2. exd5 Qxd5 3. Nc3 Qd8 4. d4 e6 5. Nf3 a6 6. Bd3 Nf6 7. 0-0 Be7 8. Qe2 c5 9. dxc5 Bxc5 10. Ne4 Be7 11. Rd1 Qc7 12. Nxf6+ Bxf6 13. Ng5 g6 14. Qf3 Nd7 15. Bf4 Qb6 16. Ne4 Be7 17. b3 e5 18. Bh6 f5 19. Ng5 Qf6 20. Bc4 e4 21. Qf4 Ne5 22. Qxe5 1-0

[Event "POL-chT3"]
[Site "Poland"]
[Date "2002.??.??"]
[Round "?"]
[White "Kobylecki, Grzegorz"]
[Black "Marzec, Jaroslaw"]
[Result "0-1"]
[WhiteElo "2140"]
[BlackElo "2120"]
[PlyCount "107"]
[EventDate "2002.??.??"]
[EventType "team"]
[EventRounds "9"]
[EventCountry "POL"]
[SourceTitle "EXT 2006"]
[Source "ChessBase"]
[SourceDate "2005.11.24"]
[SourceVersion "1"]
[SourceVersionDate "2005.11.24"]
[SourceQuality "1"]

1. e4 c5 2. Nf3 d6 3. d4 cxd4 4. Nxd4 g6 5. Nc3 Bg7 6. Be3 Nf6 7. f3 Nc6 8. Qd2 Nxd4 9. Bxd4 a6 10. Nd5 0-0 11. Nxf6+ exf6 12. 0-0-0 Qc7 13. Bc3 Rd8 14. Bb4 f5 15. Be2 Be6 16. Kb1 Rac8 17. exf5 Bxf5 18. Bd3 Be6 19. f4 f5 20. Rhe1 Qf7 21. a3 Rc6 22. Re2 Rdc8 23. Rde1 d5 24. h3 h5 25. Re3 Rb6 26. Qe2 Rcc6 27. c3 d4 28. cxd4 Bxd4 29. Rxe6 Rxe6 30. Bc4 Rxe2 31. Bxf7+ Kxf7 32. Rxe2 Kf6 33. Be7+ Kf7 34. Bd8 Re6 35. Rc2 Re1+ 36. Ka2 b5 37. Rc7+ Ke8 38. Rc6 Re2 39. Rd6 Rxb2+ 40. Ka1 Bc3 41. Rc6 Rxg2+ 42. Rxc3 Kxd8 43. Rc6 a5 44. Rb6 Rg3 45. Kb2 Rxh3 46. Rxb5 a4 47. Ra5 Rb3+ 48. Ka2 h4 49. Rxa4 Rf3 50. Rd4+ Kc7 51. Rc4+ Kb6 52. Rd4 Kc5 53. Ra4 h3 54. Ra6 0-1

[Event "POL-chT3"]
[Site "Poland"]
[Date "2002.??.??"]
[Round "?"]
[White "Piter, Slawomir"]
[Black "Marzec, Jaroslaw"]
[Result "1-0"]
[WhiteElo "2136"]
[BlackElo "2120"]
[PlyCount "100"]
[EventDate "2002.??.??"]
[EventType "team"]
[EventRounds "9"]
[EventCountry "POL"]
[SourceTitle "EXT 2006"]
[Source "ChessBase"]
[SourceDate "2005.11.24"]
[SourceVersion "1"]
[SourceVersionDate "2005.11.24"]
[SourceQuality "1"]

1. e4 d5 2. e5 c5 3. f4 Nc6 4. Nf3 Bg4 5. Bb5 e6 6. Bxc6+ bxc6 7. c4 Ne7 8. 0-0 Qa5 9. d3 Nf5 10. h3 Bxf3 11. Qxf3 Nd4 12. Qd1 Rb8 13. Na3 Be7 14. Bd2 Qa6 15. Bc3 Nf5 16. Qc1 Bh4 17. g4 Ne7 18. b3 h5 19. Nc2 d4 20. Bd2 hxg4 21. hxg4 Kd7 22. Qd1 Ng6 23. Qf3 Be7 24. Rfe1 Rh7 25. f5 Nh4 26. Qe4 Rbh8 27. b4 Qa4 28. Rac1 Qa6 29. b5 cxb5 30. cxb5 Qb6 31. a4 Bd8 32. Na3 Be7 33. Nc4 Qc7 34. Bf4 g5 35. Bg3 Rh6 36. Kf2 Rb8 37. Rh1 Qb7 38. Qxb7+ Rxb7 39. f6 Bf8 40. Ke2 Rb8 41. Bxh4 gxh4 42. g5 Rh8 43. Kf3 a6 44. b6 Kc6 45. Rb1 h3 46. Kg4 h2 47. Rb2 Rd8 48. Rhxh2 Rg8 49. Rh7 Kd5 50. b7 Rb8 1-0

[Event "POL-chT disctrict"]
[Site "Slask"]
[Date "1996.??.??"]
[Round "?"]
[White "Marzec, Jaroslaw"]
[Black "Widera, Jan"]
[Result "0-1"]
[WhiteElo "2135"]
[BlackElo "2185"]
[PlyCount "112"]
[EventDate "1996.??.??"]
[EventType "team"]
[EventRounds "12"]
[EventCountry "POL"]
[SourceTitle "EXT 2001"]
[Source "ChessBase"]
[SourceDate "2000.11.22"]
[SourceVersion "1"]
[SourceVersionDate "2000.11.22"]
[SourceQuality "1"]

1. f4 d5 2. Nf3 g6 3. e3 Bg7 4. c4 Nf6 5. cxd5 Nxd5 6. Bc4 0-0 7. 0-0 c5 8. Nc3 e6 9. d4 cxd4 10. Nxd4 Nxc3 11. bxc3 Qc7 12. Qb3 Nc6 13. Nxc6 Qxc6 14. Rd1 Bd7 15. Rb1 b6 16. Be2 Qa4 17. Ba3 Rfe8 18. c4 Rac8 19. Bb2 Bc6 20. Bxg7 Kxg7 21. Qb2+ Kg8 22. Rd4 Qa5 23. Rbd1 e5 24. Rd6 Qc5 25. fxe5 Qxe3+ 26. Kh1 Qxe5 27. Qxe5 Rxe5 28. Bf1 Kg7 29. Kg1 Ba4 30. Rc1 Bb5 31. Rd4 Rec5 32. Rc3 R8c7 33. h3 Bd7 34. Ra3 Be6 35. Be2 h5 36. Kf2 Kf6 37. Bd3 Ke5 38. Re4+ Kd6 39. Rd4+ Ke7 40. Be2 a5 41. Re3 Rd7 42. Rxd7+ Kxd7 43. Re4 Rg5 44. g4 hxg4 45. hxg4 Kd6 46. Rd4+ Kc5 47. Re4 Kb4 48. Rd4 Ka3 49. Kg3 Rc5 50. Rd6 Bxc4 51. Bxc4 Rxc4 52. Rxb6 Kxa2 53. Ra6 a4 54. Ra7 f5 55. g5 Rg4+ 56. Kf3 a3 0-1

[Event "POL-chT disctrict"]
[Site "Slask"]
[Date "1996.??.??"]
[Round "?"]
[White "Morkisz, Bogdan"]
[Black "Marzec, Jaroslaw"]
[Result "1-0"]
[WhiteElo "2185"]
[BlackElo "2135"]
[PlyCount "95"]
[EventDate "1996.??.??"]
[EventType "team"]
[EventRounds "12"]
[EventCountry "POL"]
[SourceTitle "EXT 2001"]
[Source "ChessBase"]
[SourceDate "2000.11.22"]
[SourceVersion "1"]
[SourceVersionDate "2000.11.22"]
[SourceQuality "1"]

1. e4 d5 2. exd5 Qxd5 3. Nc3 Qd8 4. Bc4 e6 5. Nf3 c5 6. d4 a6 7. Bg5 Nf6 8. a4 cxd4 9. Qxd4 Qxd4 10. Nxd4 Bb4 11. Bd2 Bd7 12. 0-0 Nc6 13. Nf3 Rc8 14. Bd3 h6 15. Rfd1 g5 16. Ne4 Nxe4 17. Bxe4 Bxd2 18. Rxd2 f5 19. Bxc6 Bxc6 20. Nd4 Rd8 21. Re1 Kf7 22. c3 Rhe8 23. Rde2 Bxa4 24. Nxe6 Rd6 25. Nd4 Rxe2 26. Rxe2 Kf6 27. f3 Bd7 28. Kf2 a5 29. g3 b5 30. f4 b4 31. Re5 a4 32. Ra5 g4 33. Ke3 bxc3 34. bxc3 h5 35. c4 Kg6 36. c5 Rd5 37. Ra6+ Kf7 38. c6 Bc8 39. Ra7+ Kf6 40. Ra8 Rd8 41. Rxa4 Ke7 42. Nb5 Rd5 43. Ra7+ Kd8 44. Nd4 Rc5 45. Rh7 Rc3+ 46. Kd2 Rc4 47. Kd3 Ba6 48. Ne6+ 1-0

[Event "Katowice op"]
[Site "Katowice"]
[Date "1995.??.??"]
[Round "3"]
[White "Pedzich, Dominik"]
[Black "Marzec, Jaroslaw"]
[Result "1-0"]
[WhiteElo "2410"]
[BlackElo "2195"]
[PlyCount "31"]
[EventDate "1995.??.??"]
[EventType "swiss"]
[EventRounds "9"]
[EventCountry "POL"]
[SourceTitle "EXT 2000"]
[Source "ChessBase"]
[SourceDate "1999.11.16"]
[SourceVersion "1"]
[SourceVersionDate "1999.11.16"]
[SourceQuality "1"]

1. e4 d6 2. d4 Nf6 3. Nc3 g6 4. f4 Bg7 5. Nf3 Bg4 6. Be3 0-0 7. h3 Bxf3 8. Qxf3 Nc6 9. 0-0-0 e6 10. g4 Nd7 11. h4 a6 12. h5 Re8 13. hxg6 hxg6 14. f5 g5 15. Bc4 Nb6 16. fxe6 1-0

[Event "Katowice Fibak op"]
[Site "Katowice"]
[Date "1993.??.??"]
[Round "3"]
[White "Marzec, Jaroslaw"]
[Black "Neverov, Valeriy"]
[Result "0-1"]
[WhiteElo "2240"]
[BlackElo "2550"]
[PlyCount "50"]
[EventDate "1993.01.??"]
[EventType "swiss"]
[EventRounds "9"]
[EventCountry "POL"]
[SourceTitle "EXT 1998"]
[Source "ChessBase"]
[SourceDate "1997.11.17"]
[SourceVersion "1"]
[SourceVersionDate "1997.11.17"]
[SourceQuality "1"]

1. f4 c5 2. c4 g6 3. Nf3 Bg7 4. Nc3 Nc6 5. b3 Nf6 6. Bb2 0-0 7. g3 d5 8. cxd5 Nxd5 9. e4 Ndb4 10. a3 Nd3+ 11. Bxd3 Qxd3 12. Qe2 Qxe2+ 13. Kxe2 Bg4 14. Kf2 Rfd8 15. Na4 Rd3 16. Ne5 Rxd2+ 17. Ke1 Re2+ 18. Kf1 Nxe5 19. Bxe5 Bxe5 20. fxe5 Rc2 21. b4 c4 22. h3 Bf3 23. Rg1 Rd8 24. g4 Rdd2 25. Rg3 Rh2 0-1